| 000 | 00778nam a22002414a 4500 | ||
|---|---|---|---|
| 008 | |||
| 020 | _a9780470141137 (pbk.) | ||
| 049 | _aMAIN | ||
| 090 |
_aQM101 _bTOR |
||
| 100 | 1 | _aTortora, Gerard J. | |
| 245 | 1 | 2 |
_aA brief atlas of the skeleton, surface anatomy, and selected medical images / _cGerard J. Tortora. |
| 260 |
_aHoboken, N.J. : _bJohn Wiley & Sons, _cc2006. |
||
| 300 |
_avii, 71 p. : _bill. ; _c28 cm. |
||
| 650 | 1 | 2 |
_aAnatomy _vAtlases. |
| 650 | 2 | 2 |
_aDiagnostic Imaging _vAtlases. |
| 650 | 0 |
_aHuman skeleton _vAtlases. |
|
| 650 | 0 |
_aAnatomy, Surgical and topographical _vAtlases. |
|
| 907 |
_a.b10362629 _b15-09-15 _c14-09-15 |
||
| 003 | |||
| 005 | 20230120204159.0 | ||
| 040 | _cNUST | ||
| 942 |
_cBOOKS _kQM101 _mTOR |
||
| 999 |
_c118592 _d118592 |
||